00797nam a2200193Ia 4500001001000000003000500010008004100015010001100056040000900067082001400076100003400090245019100124260006400315300001000379650009900389700002800488700003400516710005300550Para_2977CHAP220125s1985 xx 000 0 und d a201345 cCHAP aPA 632 M8 aMurillo Ponce, Javier Eduardo aEnfermedades, maleza y nemátodos :b reporte de índices bibliográficos por género-especie, 1985 /c por Javier E. Murillo Ponce, José Navarro Arroyo y Ma. Judit Tapia García aMéxico, D. F. :b Dirección General de Sanidad Vegetal a[176] aFitopatología Malas hierbas Nemátodos parásitos de plantas Cultivos x Bibliografía aNavarro Arroyo, José  aTapia García, María Judit aMéxico. Dirección General de Sanidad Vegetal